header

The globalization of sexuality (Record no. 240551)

MARC details
000 -LEADER
fixed length control field 01252nam a2200337Ia 4500
100 1# - MAIN ENTRY--AUTHOR NAME
Personal name Binnie, Jon.
245 14 - TITLE STATEMENT
Title The globalization of sexuality
260 ## - PUBLICATION, DISTRIBUTION, ETC. (IMPRINT)
Place of publication Thousand Oaks, Calif. ;
-- London :
Name of publisher SAGE,
Year of publication 2004.
300 ## - PHYSICAL DESCRIPTION
Number of Pages 167 p.
650 #0 - SUBJECT ADDED ENTRY--TOPICAL TERM
Topical Term Homosexuality
Topical Term Lesbianism
Topical Term Globalization.
856 40 - ELECTRONIC LOCATION AND ACCESS
Uniform Resource Identifier http://site.ebrary.com/lib/rucke/Doc?id=10218258

No items available.

© 2026 Rongo University
Contact us: librarian | system librarian | Rongo university